[Event "Tournament 14472 - Europe Echecs"]
[Site "Europe Echecs"]
[Date "2020.07.10"]
[Round "8"]
[Time "17:48:16"]
[PlyCount "107"]
[White "YaylaEmre"]
[Black "GrallKaelan"]
[WhiteElo "1336"]
[BlackElo "1577"]
[Mode "WEB"]
[Result "0-1"]

1. e4 c5 2. Bc4 d6 3. Nf3 Nf6 4. Ng5 e6 5. O-O g6 6. d4 cxd4 7. Qxd4 Bg7 8. Qd1
O-O 9. Nc3 Nc6 10. Be3 Na5 11. Bb5 d5 12. b4 Nc6 13. Bxc6 bxc6 14. e5 Nd7 15. f4
a5 16. b5 cxb5 17. Nxb5 Ba6 18. a4 Qb8 19. Rb1 Qc8 20. Nd6 Qc3 21. Rf3 Qc6 22.
c3 Bxe5 23. fxe5 Nxe5 24. Rh3 Qxd6 25. Qd4 h5 26. Bf4 f6 27. Nf3 Nxf3+ 28. Rxf3
e5 29. Qe3 exf4 30. Rxf4 Rfe8 31. Qg3 g5 32. Rf3 Qxg3 33. Rxg3 Rac8 34. Rb6 Be2
35. Rxf6 g4 36. h3 Rc4 37. Rg6+ Kh7 38. Rg5 Rxa4 39. Rxd5 Kg6 40. Rd6+ Kf5 41.
Rd5+ Re5 42. hxg4+ hxg4 43. Rd4 Rxd4 44. cxd4 Rd5 45. Kf2 Bd1 46. Ke3 a4 47. Kd3
a3 48. Kc3 Ra5 49. Rd3 a2 50. Rxd1 a1=Q+ 51. Rxa1 Rxa1 52. d5 Rd1 53. Kc4 Ke5 {YaylaEmre a abandonné} 0-1

[Event "Tournament 14472 - Europe Echecs"]
[Site "Europe Echecs"]
[Date "2020.07.10"]
[Round "8"]
[Time "17:48:16"]
[PlyCount "56"]
[White "CatherinotMarg"]
[Black "BrunThomas"]
[WhiteElo "1327"]
[BlackElo "1511"]
[Mode "WEB"]
[Result "1-0"]

1. e4 e5 2. Nf3 Nc6 3. Nc3 Nf6 4. Bb5 Bb4 5. O-O d6 6. d4 exd4 7. Nxd4 Bd7 8.
Nxc6 bxc6 9. Bc4 Bxc3 10. bxc3 Nxe4 11. Re1 d5 12. Bd3 O-O 13. Bxe4 dxe4 14.
Rxe4 Re8 15. Rd4 Re7 16. Bg5 f6 17. Bf4 Qc8 18. Qd2 Be6 19. Re1 Qa6 20. Rd8+
Rxd8 21. Qxd8+ Kf7 22. Bxc7 Rd7 23. Qb8 Qxa2 24. h3 Qxc2 25. Ba5 Qd2 26. Qb1 g6
27. Qe4 Bd5 28. Qe8+ {BrunThomas a abandonné} 1-0

[Event "Tournament 14472 - Europe Echecs"]
[Site "Europe Echecs"]
[Date "2020.07.10"]
[Round "8"]
[Time "17:48:16"]
[PlyCount "50"]
[White "GlemeeMalo"]
[Black "PigourierAdrie"]
[WhiteElo "1474"]
[BlackElo "1260"]
[Mode "WEB"]
[Result "1-0"]

1. d4 d5 2. Bf4 e6 3. e3 c5 4. c3 Nc6 5. Nf3 Nf6 6. Bd3 Ne4 7. Nbd2 Nxd2 8. Qxd2
Be7 9. O-O Bd7 10. Qe2 Qb6 11. Ne5 Nxe5 12. Bxe5 Bd6 13. Bxg7 Rg8 14. Bf6 Be7
15. Bxh7 Rf8 16. Bg7 O-O-O 17. Bxf8 Rxf8 18. a4 Qc7 19. f4 Rh8 20. Bd3 c4 21.
Bc2 Qd8 22. b3 Qg8 23. bxc4 Qh7 24. Bxh7 Rxh7 25. cxd5 {PigourierAdrie a abandonné} 1-0

[Event "Tournament 14472 - Europe Echecs"]
[Site "Europe Echecs"]
[Date "2020.07.10"]
[Round "8"]
[Time "17:48:16"]
[PlyCount "45"]
[White "RazeMorvan"]
[Black "RavenelTangi"]
[WhiteElo "1326"]
[BlackElo "1463"]
[Mode "WEB"]
[Result "0-1"]

1. d4 Nf6 2. Bf4 g6 3. e3 Bg7 4. h3 O-O 5. Nf3 d6 6. Bc4 Na6 7. O-O c5 8. Nc3
cxd4 9. exd4 Nc7 10. Rb1 Rb8 11. Ne2 a5 12. c3 b5 13. Bd3 Ne6 14. Bh2 Bb7 15.
Ng3 b4 16. Ne4 Nxe4 17. cxb4 axb4 18. Nd2 Nxd2 19. Qxd2 Nxd4 20. b3 Qb6 21. Bc4
Qc6 22. Qe3 Qxg2# {RazeMorvan est échec et mat} 0-1

[Event "Tournament 14472 - Europe Echecs"]
[Site "Europe Echecs"]
[Date "2020.07.10"]
[Round "8"]
[Time "17:48:16"]
[PlyCount "59"]
[White "ElsadigBashirH"]
[Black "JamaliElias"]
[WhiteElo "1298"]
[BlackElo "1434"]
[Mode "WEB"]
[Result "0-1"]

1. d4 Nf6 2. Bf4 e6 3. e3 Be7 4. Nf3 O-O 5. Bd3 b6 6. O-O Bb7 7. Nbd2 Qe8 8. c4
Nc6 9. Bxc7 d6 10. c5 dxc5 11. dxc5 Bxc5 12. Nb3 Be7 13. Bg3 Nh5 14. Rc1 Nxg3
15. hxg3 Bf6 16. Qe2 Nb4 17. Bb1 Ba6 18. Qd2 Bxf1 19. Qxb4 Ba6 20. Qe4 g6 21.
Kh2 Qd7 22. Rh1 Bb7 23. Qf4 Bxf3 24. Qxf6 Bd5 25. Kg1 Bxb3 26. axb3 Qd1+ 27. Kh2
Qh5+ 28. Kg1 Qg4 29. Rh4 Qd1+ {ElsadigBashirH a abandonné} 0-1

[Event "Tournament 14472 - Europe Echecs"]
[Site "Europe Echecs"]
[Date "2020.07.10"]
[Round "8"]
[Time "17:48:16"]
[PlyCount "105"]
[White "BaderPaul"]
[Black "DrieuHugo"]
[WhiteElo "1243"]
[BlackElo "1425"]
[Mode "WEB"]
[Result "0-1"]

1. e4 e5 2. Bc4 Nf6 3. d3 Bc5 4. Bg5 h6 5. Bh4 c6 6. h3 d5 7. exd5 cxd5 8. Bxf6
Qxf6 9. Bb5+ Nc6 10. Bxc6+ bxc6 11. Qe2 O-O 12. Nd2 Re8 13. Ngf3 e4 14. dxe4
dxe4 15. Nh2 e3 16. O-O-O exd2+ 17. Qxd2 Qxf2 18. Qc3 Qe3+ 19. Qxe3 Bxe3+ 20.
Kb1 Bf5 21. Nf3 Rad8 22. Rxd8 Rxd8 23. a3 Rd5 24. Re1 Be6 25. c4 Rd3 26. Ne5 Rb3
27. Kc2 Bf2 28. Re2 Re3 29. Rxe3 Bxe3 30. Nxc6 Bxc4 31. b3 Bd5 32. Nb4 Be4+ 33.
Kc3 Bxg2 34. Nc2 Bf2 35. b4 Bxh3 36. a4 Bf5 37. Na3 h5 38. b5 h4 39. a5 h3 40.
Nc4 h2 41. b6 axb6 42. a6 h1=Q 43. a7 Qa8 44. Nxb6 Qxa7 45. Nd5 Qc5+ 46. Kb2
Bd4+ 47. Kb3 Qxd5+ 48. Kb4 Qc5+ 49. Kb3 Be6+ 50. Ka4 Qc4+ 51. Ka5 Qb3 52. Ka6
Qb6# {BaderPaul est échec et mat} 0-1

[Event "Tournament 14472 - Europe Echecs"]
[Site "Europe Echecs"]
[Date "2020.07.10"]
[Round "8"]
[Time "17:48:16"]
[PlyCount "142"]
[White "SzubertEmma"]
[Black "MaufroyAlexand"]
[WhiteElo "1232"]
[BlackElo "1424"]
[Mode "WEB"]
[Result "1-0"]

1. e4 b6 2. Nc3 Bb7 3. Bc4 e6 4. d4 Bb4 5. d5 Nf6 6. Bg5 h6 7. Bxf6 Qxf6 8. Qd2
exd5 9. exd5 O-O 10. O-O-O Bxc3 11. bxc3 Re8 12. Nf3 Ba6 13. Bb3 Re2 14. Qd4
Qxd4 15. Rxd4 Rxf2 16. Re4 Rf1+ 17. Rxf1 Bxf1 18. g3 Bg2 19. Re8+ Kh7 20. Ne5
Bh3 21. Nxf7 d6 22. Nd8 Nd7 23. Bc4 Nf6 24. Bd3+ g6 25. Re7+ Kg8 26. Ne6 Bxe6
27. dxe6 g5 28. Rxc7 Nd5 29. Rh7 Nxc3 30. e7 Nxa2+ 31. Kd2 Nb4 32. Bg6 Nc6 33.
e8=Q+ Rxe8 34. Bxe8 Kxh7 35. Bxc6 Kg6 36. Kd3 Kf5 37. Kd4 Kg4 38. Bd7+ Kf3 39.
Bc6+ Kf2 40. h4 Kxg3 41. hxg5 hxg5 42. Kd5 Kf2 43. Kxd6 g4 44. Kc7 g3 45. Kb7 g2
46. Bxg2 a5 47. Kxb6 a4 48. Bd5 Ke3 49. c4 Kd4 50. Bf7 Ke5 51. c5 Kf6 52. Bc4
Ke7 53. c6 Kd8 54. c7+ Kc8 55. Ba6+ Kd7 56. c8=Q+ Kd6 57. Qc6+ Ke5 58. Qxa4 Kd6
59. Qc4 Ke5 60. Qd3 Ke6 61. Qd4 Kf5 62. Qe3 Kf6 63. Qe4 Kg7 64. Qf5 Kh6 65. Qg4
Kh7 66. Qg5 Kh8 67. Kc6 Kh7 68. Kd6 Kh8 69. Ke6 Kh7 70. Kf7 Kh8 71. Qg7# {MaufroyAlexand est échec et mat} 1-0

[Event "Tournament 14472 - Europe Echecs"]
[Site "Europe Echecs"]
[Date "2020.07.10"]
[Round "8"]
[Time "17:48:16"]
[PlyCount "88"]
[White "WuClara"]
[Black "ReynaudAntoine"]
[WhiteElo "1403"]
[BlackElo "1231"]
[Mode "WEB"]
[Result "1-0"]

1. d4 d5 2. c4 e6 3. Nf3 Nf6 4. g3 g6 5. Bg2 Bg7 6. O-O O-O 7. Nbd2 c6 8. Qc2
Nbd7 9. e4 dxe4 10. Nxe4 Nxe4 11. Qxe4 c5 12. Be3 Nf6 13. Qc2 cxd4 14. Bxd4 Bd7
15. Rfd1 Qc7 16. Be5 Qc5 17. Bd6 Qb6 18. Bxf8 Rxf8 19. Rd2 Bc6 20. Rad1 Ne4 21.
Re2 Nf6 22. c5 Qa5 23. a3 Nd5 24. Nd4 Rc8 25. Nxc6 bxc6 26. Bxd5 cxd5 27. Rc1
Qb5 28. b4 a5 29. Rb1 Bf8 30. Ree1 Rb8 31. bxa5 Qe8 32. Rxb8 Qxb8 33. Rb1 Qa7
34. c6 Qxa5 35. c7 Qxa3 36. c8=Q Kg7 37. Qb2+ Qxb2 38. Rxb2 Be7 39. Rb7 Bg5 40.
Qd7 Kh6 41. Qxf7 Bd2 42. Qxh7+ Kg5 43. Rg7 e5 44. Qxg6# {ReynaudAntoine est échec et mat} 1-0

[Event "Tournament 14472 - Europe Echecs"]
[Site "Europe Echecs"]
[Date "2020.07.10"]
[Round "8"]
[Time "17:48:16"]
[PlyCount "185"]
[White "EricAndrianaFi"]
[Black "GavilaQuentin"]
[WhiteElo "1401"]
[BlackElo "1199"]
[Mode "WEB"]
[Result "0-1"]

1. e4 e6 2. d3 d5 3. Nd2 Nf6 4. g3 Bb4 5. c3 Bd6 6. Bg2 O-O 7. Ngf3 Be7 8. O-O
c5 9. Re1 Nc6 10. Nf1 dxe4 11. dxe4 Qxd1 12. Rxd1 Nxe4 13. Be3 b6 14. h4 Bb7 15.
N1h2 Nf6 16. g4 Nd5 17. Nf1 Nxe3 18. Nxe3 Rad8 19. h5 f5 20. gxf5 exf5 21. Nc4
b5 22. Na3 b4 23. Nc4 Ba6 24. Nce5 Nxe5 25. Nxe5 Bf6 26. Bd5+ Rxd5 27. Rxd5 bxc3
28. bxc3 Re8 29. Nd7 Bxc3 30. Rc1 Bb2 31. Rb1 Bd4 32. Nxc5 Bxc5 33. Rxc5 Re7 34.
Rbc1 Bd3 35. Rd5 Be4 36. Rd8+ Kf7 37. Re1 Kf6 38. Rd4 g6 39. f3 Bb7 40. Rxe7
Kxe7 41. Rd3 gxh5 42. Rb3 Bd5 43. Ra3 Kf6 44. Kh2 Kg6 45. Kg3 Kg5 46. Rd3 h4+
47. Kh3 Bxa2 48. Ra3 Bd5 49. Rxa7 Bxf3 50. Rxh7 Bg4+ 51. Kg2 h3+ 52. Kh2 Kf4 53.
Rf7 Kf3 54. Rd7 f4 55. Rd3+ Ke2 56. Rd8 f3 57. Re8+ Kf2 58. Rf8 Ke2 59. Re8+ Kf1
60. Rf8 f2 61. Kg3 Bd7 62. Rxf2+ Kg1 63. Rb2 Kf1 64. Kh2 Be6 65. Rc2 Bf5 66. Rd2
Ke1 67. Rb2 Be6 68. Rb1+ Kd2 69. Rb2+ Kc3 70. Re2 Bg4 71. Rf2 Bc8 72. Kg3 Bd7
73. Re2 Kd3 74. Rf2 Ke3 75. Rh2 Kd3 76. Kf4 Kc4 77. Ke5 Kb5 78. Kd6 Bg4 79. Kd5
Kb4 80. Ke4 Kc3 81. Kf4 Bd7 82. Kf3 Kd3 83. Kg3 Ke3 84. Kh4 Kf3 85. Rb2 Bc8 86.
Kg5 Kg3 87. Rb1 h2 88. Kf6 Ba6 89. Ra1 Be2 90. Re1 Bf3 91. Rc1 Bg2 92. Rb1 Kf2 {EricAndrianaFi a perdu au temps} 0-1

[Event "Tournament 14472 - Europe Echecs"]
[Site "Europe Echecs"]
[Date "2020.07.10"]
[Round "8"]
[Time "17:48:16"]
[PlyCount "105"]
[White "PhambanienJacq"]
[Black "SemenovMaxime"]
[WhiteElo "1204"]
[BlackElo "1367"]
[Mode "WEB"]
[Result "0-1"]

1. e4 c6 2. d4 d5 3. Nc3 dxe4 4. Nxe4 Bf5 5. Ng3 Bg6 6. h4 h6 7. Nf3 Nf6 8. h5
Bh7 9. Bc4 e6 10. O-O Nbd7 11. Bf4 Be7 12. Re1 Qa5 13. Qd2 Qxd2 14. Bxd2 Bxc2
15. Re2 Nb6 16. b3 Bh7 17. Ne5 Bd6 18. Bf4 Nbd5 19. Bxd5 Nxd5 20. Re3 Nxf4 21.
Ne4 Bxe4 22. Rxe4 Nxh5 23. g4 Nf6 24. Rf4 Bxe5 25. dxe5 Nd5 26. Rd4 Ke7 27. f4
c5 28. Rc4 b6 29. Rd1 Ne3 30. Rcc1 Nxd1 31. Rxd1 Rad8 32. Rf1 Rd2 33. Rf2 Rxf2
34. Kxf2 Rd8 35. Ke3 f6 36. exf6+ gxf6 37. f5 exf5 38. gxf5 Rd4 39. Kf3 Kd6 40.
Ke3 Ke5 41. b4 Kxf5 42. bxc5 bxc5 43. a3 Ra4 44. Kf3 Rxa3+ 45. Ke2 Kf4 46. Kd2
h5 47. Kc2 h4 48. Kb2 Rg3 49. Kc1 Rg2 50. Kd1 h3 51. Ke1 h2 52. Kf1 h1=Q# {PhambanienJacq est échec et mat} 0-1

[Event "Tournament 14472 - Europe Echecs"]
[Site "Europe Echecs"]
[Date "2020.07.10"]
[Round "8"]
[Time "17:48:16"]
[PlyCount "65"]
[White "BelGirardotCha"]
[Black "LeonardyBatist"]
[WhiteElo "1361"]
[BlackElo "1177"]
[Mode "WEB"]
[Result "0-1"]

1. e4 c5 2. Nf3 d6 3. d4 cxd4 4. Nxd4 Nf6 5. Nc3 a6 6. Bg5 e6 7. Be2 Be7 8. O-O
O-O 9. Qd3 b5 10. a3 Bb7 11. Bf3 Nbd7 12. Nde2 Ne5 13. Qe3 Rc8 14. Bxf6 Bxf6 15.
Rad1 Nc4 16. Qc1 d5 17. exd5 Bg5 18. Qb1 Nd2 19. Qa2 Nxf1 20. dxe6 Qc7 21. exf7+
Rxf7 22. Bxb7 Qxb7 23. Kxf1 Be3 24. f3 Bb6 25. Nd5 Ba7 26. Nef4 Rxc2 27. Nf6+
gxf6 28. Rd8+ Kg7 29. Ne6+ Kh6 30. Qb1 Rf2+ 31. Ke1 Qb6 32. Rd4 Qxe6+ {BelGirardotCha a abandonné} 0-1

[Event "Tournament 14472 - Europe Echecs"]
[Site "Europe Echecs"]
[Date "2020.07.10"]
[Round "8"]
[Time "17:48:16"]
[PlyCount "126"]
[White "ChevillonManon"]
[Black "GuillotYoann"]
[WhiteElo "1356"]
[BlackElo "1157"]
[Mode "WEB"]
[Result "1-0"]

1. e4 d5 2. exd5 Qxd5 3. Nc3 Qa5 4. d4 Nf6 5. Nf3 Bg4 6. Be2 c6 7. Be3 Nbd7 8.
a3 e6 9. h3 Bh5 10. Qd2 Bd6 11. g4 Bg6 12. O-O-O b5 13. g5 Nd5 14. Nxd5 Qxd2+
15. Rxd2 exd5 16. h4 O-O-O 17. Ne5 Nxe5 18. dxe5 Bxe5 19. Bxa7 Bf4 20. Be3 Bxe3
21. fxe3 Rde8 22. Rh3 Bf5 23. Rg3 Re4 24. h5 Rhe8 25. Bd3 R4e5 26. Bxf5+ Rxf5
27. Re2 Rfe5 28. Kd2 d4 29. b3 Kc7 30. Kd3 c5 31. e4 c4+ 32. bxc4 bxc4+ 33. Kxd4
Kc6 34. Kxc4 Rxe4+ 35. Rxe4 Rxe4+ 36. Kb3 Rh4 37. g6 fxg6 38. hxg6 h6 39. Rc3+
Kd7 40. Rc4 Rh5 41. c3 Rg5 42. a4 Rxg6 43. a5 h5 44. Rh4 Rh6 45. Kb4 g5 46. Rh1
Kc7 47. c4 h4 48. c5 h3 49. Kb5 h2 50. a6 Kb8 51. c6 Rh7 52. Kb6 g4 53. Rd1 Rh8
54. c7+ Kc8 55. a7 h1=Q 56. Rxh1 Rxh1 57. a8=Q+ Kd7 58. c8=Q+ Kd6 59. Qxh1 Ke5
60. Qe1+ Kf4 61. Qf8+ Kg5 62. Qe5+ Kh4 63. Qfh8# {GuillotYoann est échec et mat} 1-0

[Event "Tournament 14472 - Europe Echecs"]
[Site "Europe Echecs"]
[Date "2020.07.10"]
[Round "8"]
[Time "17:48:16"]
[PlyCount "74"]
[White "SalvignolNatha"]
[Black "HeauMaxime"]
[WhiteElo "1209"]
[BlackElo "1315"]
[Mode "WEB"]
[Result "1-0"]

1. e4 e5 2. Nf3 Nc6 3. Bc4 Be7 4. d3 d6 5. c3 Na5 6. Bb3 Nxb3 7. axb3 Nf6 8. Bg5
Bg4 9. Nbd2 h6 10. Bh4 Nd7 11. Bxe7 Qxe7 12. O-O O-O 13. Qe2 f5 14. exf5 Rxf5
15. d4 a6 16. Qe4 Rf4 17. Qe3 e4 18. Qxf4 Bxf3 19. Nxf3 exf3 20. Qxf3 c5 21.
dxc5 Nxc5 22. Rfe1 Qf7 23. Qxf7+ Kxf7 24. b4 Nd3 25. Re2 Re8 26. Rxe8 Kxe8 27.
Rd1 Nxb2 28. Rxd6 Na4 29. c4 Nb2 30. c5 Nc4 31. Rd4 b5 32. Rg4 Kf7 33. c6 g5 34.
c7 Nb6 35. Rd4 Ke7 36. g4 Ke8 37. Rd6 {HeauMaxime a abandonné} 1-0

[Event "Tournament 14472 - Europe Echecs"]
[Site "Europe Echecs"]
[Date "2020.07.10"]
[Round "8"]
[Time "17:48:16"]
[PlyCount "116"]
[White "ThibaudetVince"]
[Black "FonluptEsteban"]
[WhiteElo "1450"]
[BlackElo "1436"]
[Mode "WEB"]
[Result "1-0"]

1. e4 b6 2. Nc3 Bb7 3. d4 e6 4. Nf3 Bb4 5. Bd3 Nf6 6. Qe2 d5 7. exd5 Nxd5 8. Bd2
Nxc3 9. bxc3 Bd6 10. O-O Nd7 11. Be4 c6 12. Rfe1 Nf6 13. Bd3 Qd7 14. c4 c5 15.
dxc5 Bxc5 16. Be3 Bxe3 17. Qxe3 Qc7 18. Rab1 Ng4 19. Qe2 Bxf3 20. Qxf3 Qxh2+ 21.
Kf1 Rd8 22. Qxg4 O-O 23. Qg3 Qh1+ 24. Ke2 Qh5+ 25. Qf3 Qe5+ 26. Kf1 Qa5 27. Qh3
f5 28. Rxe6 Qxa2 29. Ree1 Rfe8 30. Qxf5 Rxe1+ 31. Rxe1 g6 32. Qe6+ Kg7 33. Qe7+
Kh6 34. Qxd8 Qb2 35. Qf8+ Kh5 36. Be2+ Kg5 37. Qe7+ Kh6 38. Qe3+ Kg7 39. Bd3 a5
40. Qe5+ Qxe5 41. Rxe5 Kf6 42. Re8 h5 43. Rg8 g5 44. Rb8 h4 45. Rxb6+ Ke5 46.
Rb5+ Kf4 47. Rxa5 g4 48. Ra8 h3 49. Rf8+ Kg5 50. Rg8+ Kh4 51. gxh3 gxh3 52. Kg1
Kh5 53. c5 h2+ 54. Kh1 Kh4 55. c6 Kh3 56. c7 Kh4 57. c8=Q Kh5 58. Qh3# {FonluptEsteban est échec et mat} 1-0

[Event "Tournament 14472 - Europe Echecs"]
[Site "Europe Echecs"]
[Date "2020.07.10"]
[Round "8"]
[Time "17:48:16"]
[PlyCount "56"]
[White "ClairMathieu"]
[Black "ManuelInes"]
[WhiteElo "1125"]
[BlackElo "1230"]
[Mode "WEB"]
[Result "1-0"]

1. d4 f5 2. Bf4 Nf6 3. e3 d5 4. Nf3 e6 5. Bd3 h6 6. Nbd2 g5 7. Bg3 g4 8. Ne5 Rg8
9. c3 Bd7 10. f3 h5 11. h3 gxh3 12. Rxh3 Nc6 13. e4 dxe4 14. fxe4 fxe4 15. Bxe4
Nxe4 16. Nxe4 Nxe5 17. dxe5 Bc6 18. Qxh5+ Ke7 19. Bh4+ Kd7 20. Bxd8 Rxd8 21.
Qf7+ Be7 22. Rd1+ Kc8 23. Rxd8+ Rxd8 24. Qxe7 Bxe4 25. Qxe6+ Kb8 26. Qf6 Kc8 27.
Rh8 Bxg2 28. Qxd8# {ManuelInes est échec et mat} 1-0

[Event "Tournament 14472 - Europe Echecs"]
[Site "Europe Echecs"]
[Date "2020.07.10"]
[Round "8"]
[Time "17:48:16"]
[PlyCount "25"]
[White "MigoliRomain"]
[Black "CastetsAntoine"]
[WhiteElo "1201"]
[BlackElo "1120"]
[Mode "WEB"]
[Result "0-1"]

1. e4 e5 2. Nf3 Nc6 3. Bc4 Nf6 4. Ng5 Nxe4 5. Nxf7 Qf6 6. f3 Qh4+ 7. Ke2 Qf2+ 8.
Kd3 Nb4+ 9. Kxe4 Qd4+ 10. Kf5 d6+ 11. Kg5 Be7+ 12. Kh5 Qh4# {MigoliRomain est échec et mat} 0-1

[Event "Tournament 14472 - Europe Echecs"]
[Site "Europe Echecs"]
[Date "2020.07.10"]
[Round "8"]
[Time "17:48:16"]
[PlyCount "94"]
[White "EkandeEthan"]
[Black "MiomandreMouni"]
[WhiteElo "1200"]
[BlackElo "1062"]
[Mode "WEB"]
[Result "1-0"]

1. e4 e5 2. Nf3 Nc6 3. Nc3 Nf6 4. d3 h6 5. g3 d6 6. Bg2 Be6 7. O-O Be7 8. b3 O-O
9. Ne2 Qd7 10. c3 d5 11. d4 exd4 12. cxd4 Nxe4 13. Ne5 Nxe5 14. dxe5 Nc5 15. Nf4
c6 16. Qh5 Bg4 17. e6 Bxe6 18. Qe2 Bg4 19. Qc2 Bf5 20. Qc3 Bf6 21. Qxc5 Bxa1 22.
Qb4 Be5 23. Nh5 Bg6 24. Qh4 Bxh5 25. Qxh5 Bf6 26. Bh3 Qd6 27. Bf4 Qa3 28. Qg4 g5
29. Bd2 Qxa2 30. Rd1 Qb2 31. Qh5 Qxb3 32. Be3 Qc2 33. Re1 Qg6 34. Qf3 Qe4 35.
Qe2 d4 36. Bg2 Qe7 37. Qh5 dxe3 38. Rxe3 Qb4 39. h3 a5 40. Qxh6 Bg7 41. Qxg5 a4
42. Be4 Qb5 43. Qh4 Bh6 44. Qxh6 Qb1+ 45. Kg2 Qxe4+ 46. Rxe4 Rfd8 47. Rg4# {MiomandreMouni est échec et mat} 1-0

[Event "Tournament 14472 - Europe Echecs"]
[Site "Europe Echecs"]
[Date "2020.07.10"]
[Round "8"]
[Time "17:48:16"]
[PlyCount "97"]
[White "GerardKelian"]
[Black "ElimortJessene"]
[WhiteElo "1056"]
[BlackElo "1199"]
[Mode "WEB"]
[Result "0-1"]

1. d4 Nf6 2. c4 e5 3. dxe5 Ng4 4. Nf3 d6 5. h3 Nxe5 6. Nxe5 dxe5 7. Bd2 Bd6 8.
Nc3 O-O 9. e4 Nc6 10. Be3 Bb4 11. Bd2 f5 12. f3 fxe4 13. Nxe4 Bxd2+ 14. Nxd2 a6
15. Qb3 Be6 16. Bd3 Na5 17. Qb4 b6 18. Qc3 c5 19. Qxe5 Bxc4 20. Bxc4+ Nxc4 21.
Nxc4 Re8 22. f4 Rxe5+ 23. Nxe5 Qd4 24. g3 Qe3+ 25. Kd1 Rd8+ 26. Kc2 Qd2+ 27. Kb3
Qe3+ 28. Kc2 Rd2+ 29. Kc1 Rh2+ 30. Kd1 Rxh1+ 31. Kc2 Rxa1 32. Nc6 Qe4+ 33. Kc3
Qxc6 34. Kc4 b5+ 35. Kc3 b4+ 36. Kb3 Qf3+ 37. Kc4 Qxg3 38. Kxc5 Qxh3 39. Kxb4
Rf1 40. Ka4 Rxf4+ 41. b4 a5 42. Kxa5 Qa3+ 43. Kb5 Qxb4+ 44. Kc6 Rc4+ 45. Kd5
Qb5+ 46. Kd6 Rd4+ 47. Ke6 Qd5+ 48. Ke7 Re4# {GerardKelian est échec et mat} 0-1

[Event "Tournament 14472 - Europe Echecs"]
[Site "Europe Echecs"]
[Date "2020.07.10"]
[Round "8"]
[Time "17:48:16"]
[PlyCount "124"]
[White "RevillardValen"]
[Black "LedouxCamille"]
[WhiteElo "1005"]
[BlackElo "1165"]
[Mode "WEB"]
[Result "1-0"]

1. e4 d5 2. exd5 Qxd5 3. Nc3 Qa5 4. Nf3 Bf5 5. Bc4 e6 6. d3 c5 7. a3 Nc6 8. Bd2
Qc7 9. Nb5 Qd8 10. O-O a6 11. Nc3 Nf6 12. Bg5 Bd6 13. Bxf6 Qxf6 14. Re1 O-O 15.
Rb1 Ne5 16. Nxe5 Bxe5 17. Qe2 Bc7 18. Qf3 Qh6 19. g3 b5 20. Ba2 Ba5 21. b4 cxb4
22. axb4 Bb6 23. Nd1 Rac8 24. Bb3 Qg6 25. Ne3 Bxe3 26. Rxe3 Bg4 27. Qe4 Qxe4 28.
Rxe4 Bf5 29. Rd4 g6 30. Rd6 Ra8 31. Ra1 h5 32. Rdxa6 Rxa6 33. Rxa6 Kg7 34. Rb6
Rh8 35. Rxb5 h4 36. gxh4 Rxh4 37. Rc5 Rg4+ 38. Kf1 Rh4 39. b5 Rxh2 40. b6 Rh1+
41. Ke2 Bg4+ 42. f3 Rh2+ 43. Ke3 Bf5 44. b7 Rh8 45. Rc8 Rxc8 46. bxc8=Q e5 47.
Qc7 Kf6 48. Qxf7+ Kg5 49. c4 Kh5 50. c5 Bh3 51. Qh7+ Kg5 52. Qxh3 Kf6 53. c6 g5
54. c7 Kg6 55. c8=Q g4 56. Qhxg4+ Kf6 57. Qcf5+ Ke7 58. Qg7+ Kd6 59. Qfxe5+ Kc6
60. Qgf6+ Kb7 61. Qee7+ Kc8 62. Qff8# {LedouxCamille est échec et mat} 1-0

[Event "Tournament 14472 - Europe Echecs"]
[Site "Europe Echecs"]
[Date "2020.07.10"]
[Round "8"]
[Time "17:48:16"]
[PlyCount "74"]
[White "DennebouyAlexa"]
[Black "MolinesMartin"]
[WhiteElo "1160"]
[BlackElo "1033"]
[Mode "WEB"]
[Result "1-0"]

1. e4 e5 2. Nf3 Nc6 3. Bc4 Nf6 4. Ng5 d5 5. exd5 Na5 6. Bb5+ c6 7. Bd3 Qxd5 8.
O-O Bd6 9. Be2 h6 10. Nf3 b6 11. c3 Bf5 12. d4 exd4 13. cxd4 O-O 14. Nc3 Qe6 15.
a3 Rfe8 16. Ba6 Nd5 17. Nxd5 Qxd5 18. b4 Nc4 19. Bxc4 Qxc4 20. Bb2 Rad8 21. Rc1
Qd5 22. Nh4 Be6 23. Re1 Rc8 24. Qd3 Bf4 25. Rcd1 Bg5 26. Nf3 Bg4 27. h3 Bxf3 28.
gxf3 Qd7 29. Rxe8+ Rxe8 30. Qa6 c5 31. Qc4 Bf4 32. d5 Qxh3 33. Qxf4 Re6 34. dxe6
Qxe6 35. Rd8+ Kh7 36. Qe4+ Qxe4 37. fxe4 {MolinesMartin a abandonné} 1-0

[Event "Tournament 14472 - Europe Echecs"]
[Site "Europe Echecs"]
[Date "2020.07.10"]
[Round "8"]
[Time "17:48:16"]
[PlyCount "54"]
[White "BerezovskyJona"]
[Black "LabordeAntonn"]
[WhiteElo "1130"]
[BlackElo "1002"]
[Mode "WEB"]
[Result "0-1"]

1. e4 e5 2. Nf3 Nc6 3. Bc4 Bc5 4. Nc3 d6 5. d3 Nf6 6. Bg5 h6 7. Bh4 Bg4 8. h3
Be6 9. Bxe6 fxe6 10. Qe2 Qd7 11. a3 g5 12. Bg3 Nd4 13. Nxd4 Bxd4 14. Qd2 Qc6 15.
h4 g4 16. Rf1 h5 17. f4 gxf3 18. Rxf3 Ng4 19. Ne2 O-O-O 20. c3 Bb6 21. b4 Rhf8
22. a4 a5 23. b5 Qd7 24. O-O-O Rxf3 25. gxf3 Be3 26. Qxe3 Nxe3 27. Rg1 {BerezovskyJona a abandonné} 0-1

[Event "Tournament 14472 - Europe Echecs"]
[Site "Europe Echecs"]
[Date "2020.07.10"]
[Round "8"]
[Time "17:48:16"]
[PlyCount "60"]
[White "BoucherAngel"]
[Black "SwietlikAlexan"]
[WhiteElo "1199"]
[BlackElo "1130"]
[Mode "WEB"]
[Result "1-0"]

1. Nf3 Nc6 2. e4 e5 3. d4 d6 4. Qd2 Nf6 5. d5 Ne7 6. Nc3 c6 7. Qd3 cxd5 8. exd5
Nexd5 9. Nxd5 Be6 10. Nc3 d5 11. Be3 Bd6 12. O-O-O O-O 13. Qb5 b6 14. Bg5 h6 15.
Bxf6 Qxf6 16. Nxd5 Bxd5 17. Qxd5 Rac8 18. Be2 Rc5 19. Qxd6 Qxd6 20. Rxd6 Rfc8
21. Bd3 b5 22. Rd1 b4 23. Be4 g6 24. Rd7 b3 25. axb3 Ra5 26. c3 f5 27. Bd5+ Kf8
28. Nxe5 Rac5 29. Nxg6+ Ke8 30. Bf7# {SwietlikAlexan est échec et mat} 1-0

[Event "Tournament 14472 - Europe Echecs"]
[Site "Europe Echecs"]
[Date "2020.07.10"]
[Round "8"]
[Time "17:48:16"]
[PlyCount "51"]
[White "CayauNolanMael"]
[Black "JannotClement"]
[WhiteElo "999"]
[BlackElo "1199"]
[Mode "WEB"]
[Result "0-1"]

1. e4 e5 2. Bc4 Nh6 3. d3 d6 4. Qf3 Be6 5. Nc3 Bxc4 6. dxc4 Nc6 7. Nce2 Nb4 8.
Rb1 Nxc2+ 9. Kd1 Nb4 10. a3 Nc6 11. Ng3 Nd4 12. Qe3 Ng4 13. Qc3 Nxf2+ 14. Ke1
Nxh1 15. Nh3 Nxg3 16. Bg5 Be7 17. Qxg3 O-O 18. Bf6 Bxf6 19. Rd1 Bh4 20. Qxh4
Qxh4+ 21. g3 Qg4 22. c5 Qxh3 23. cxd6 cxd6 24. Rc1 Rac8 25. Rxc8 Rxc8 {CayauNolanMael a abandonné} 0-1

[Event "Tournament 14472 - Europe Echecs"]
[Site "Europe Echecs"]
[Date "2020.07.10"]
[Round "9"]
[Time "18:21:07"]
[PlyCount "115"]
[White "KuhnClement"]
[Black "MathieuPhileas"]
[WhiteElo "2150"]
[BlackElo "2214"]
[Mode "WEB"]
[Result "0-1"]

1. Nf3 c5 2. g3 Nc6 3. Bg2 g6 4. O-O Bg7 5. c4 e6 6. Nc3 Nge7 7. b3 O-O 8. Bb2
d6 9. e3 b6 10. Qe2 Bb7 11. Rfd1 d5 12. d4 cxd4 13. Nxd4 Nxd4 14. exd4 Qd7 15.
Rac1 Rac8 16. a4 Rfd8 17. Ba3 dxc4 18. bxc4 Bxg2 19. Kxg2 Nf5 20. d5 Bxc3 21.
Rxc3 exd5 22. Rcd3 d4 23. Bb2 Rxc4 24. Kg1 Qc6 25. Qe5 Qd5 26. Qf6 Rd6 27. Qg5
Qe4 28. Ba3 Rd7 29. Qd2 Rdc7 30. Qg5 Rd7 31. Qd2 Rxa4 32. Qc2 Rxa3 33. Qc8+ Kg7
34. Rxa3 Nh4 35. gxh4 Qg4+ 36. Rg3 Qxd1+ 37. Kg2 Qa4 38. h5 h6 39. hxg6 fxg6 40.
Rf3 Rf7 41. Rxf7+ Kxf7 42. Qc7+ Kf6 43. Qd6+ Kf7 44. Qc7+ Ke6 45. Qc8+ Kd6 46.
Qf8+ Kd5 47. Qf7+ Kc5 48. Qe7+ Kc4 49. Qe2+ Kb4 50. Qd2+ Kb5 51. Qb2+ Qb4 52.
Qe2+ Qc4 53. Qb2+ Kc6 54. Qd2 Qd5+ 55. f3 Qg5+ 56. Qxg5 hxg5 57. h4 gxh4 {KuhnClement a abandonné} 0-1

[Event "Tournament 14472 - Europe Echecs"]
[Site "Europe Echecs"]
[Date "2020.07.10"]
[Round "9"]
[Time "18:21:07"]
[PlyCount "71"]
[White "DintronoNoe"]
[Black "SumarrivaPauliL"]
[WhiteElo "1685"]
[BlackElo "2023"]
[Mode "WEB"]
[Result "0-1"]

1. e4 e6 2. d3 d5 3. Nd2 Nf6 4. Ngf3 Be7 5. g3 c5 6. Bg2 Nc6 7. O-O O-O 8. Re1
Qc7 9. Nf1 dxe4 10. dxe4 Rd8 11. Qe2 Nd4 12. Nxd4 cxd4 13. Bg5 h6 14. Bxf6 Bxf6
15. e5 Be7 16. Qe4 Rb8 17. Rad1 Bc5 18. Nd2 b5 19. Qc6 Qe7 20. Nb3 Bb4 21. Re2
Bb7 22. Qxb5 Bxg2 23. Qd3 Bd5 24. Nxd4 Bc5 25. c3 Bxd4 26. cxd4 Bxa2 27. Ra1 Bb3
28. Rd2 Qb7 29. f3 Bd5 30. Kf2 Rdc8 31. Qa3 Qb3 32. Qxb3 Rxb3 33. Rxa7 Rxf3+ 34.
Ke2 Rb3 35. Kf2 Rcb8 {DintronoNoe a abandonné} 0-1